La geometría en la formación de profesores /
Guardado en:
| Autor Principal: | |
|---|---|
| Formato: | Libro |
| Idioma: | Spanish |
| Publicado: |
Buenos Aires :
Red Olímpica,
c1993.
|
| Etiquetas: |
Agregar Etiqueta
Sin Etiquetas, Sea el primero en etiquetar este registro!
|
| LEADER | 00855nam a22001935a 4500 | ||
|---|---|---|---|
| 001 | MAT.inmabb003806 | ||
| 008 | 060223s1993####ag#a#####b####000#0#spa#d | ||
| 005 | 20150312185450.0 | ||
| 245 | 1 | 3 | |a La geometría en la formación de profesores / |c Luis A. Santaló. |
| 260 | |a Buenos Aires : |b Red Olímpica, |c c1993. | ||
| 300 | |a 115 p. : |b il. ; |c 26 cm. | ||
| 500 | |a Apuntes del curso dictado en la Facultad de Ciencias Exactas de la Universidad de Buenos Aires en 1992, para los alumnos de la carrera del Profesorado en Matemáticas. | ||
| 500 | |a Nota introductoria: El autor / Manuel Balanzat. | ||
| 504 | |a Incluye referencias bibliográficas. | ||
| 020 | |z 9879934406 | ||
| 100 | 1 | |a Santaló, Luis A. |q (Luis Antonio), |d 1911-2001. | |
| 084 | |a 97B50 (51-01) |2 msc2000 | ||
| 859 | |h 97 |i Sa232g |p A-7194 |b BIB. MATEMATICA | ||
| 859 | |h 97 |i Sa232g |p A-8849 |t Ej. 2 |b BIB. MATEMATICA | ||
